书目信息 |
| 题名: |
内容电商运营实战指南
|
|
| 作者: | 燕鹏飞 , 梁谱文 著 | |
| 分册: | ||
| 出版信息: | 北京 中华工商联合出版社有限责任公司 2021.01 |
|
| 页数: | 229页 | |
| 开本: | 24cm | |
| 丛书名: | ||
| 单 册: | ||
| 中图分类: | F713.365.1-62 | |
| 科图分类: | ||
| 主题词: | 电子商务--dian zi shang wu--运营管理 | |
| 电子资源: | ||
| ISBN: | 978-7-5158-2872-5 | |
| 000 | 01582nam0 2200265 450 | |
| 001 | 2151123933 | |
| 005 | 20211018173724.0 | |
| 010 | @a978-7-5158-2872-5@dCNY52.00 | |
| 100 | @a20210721d2021 em y0chiy0120 ea | |
| 101 | 0 | @achi |
| 102 | @aCN@b110000 | |
| 105 | @ay z 000yy | |
| 106 | @ar | |
| 200 | @a内容电商运营实战指南@Anei rong dian shang yun ying shi zhan zhi nan@dPractical guide for content e-commerce operation@f燕鹏飞, 梁谱文著@zeng | |
| 210 | @a北京@c中华工商联合出版社有限责任公司@d2021.01 | |
| 215 | @a229页@d24cm | |
| 314 | @a燕鹏飞, 曾任百世物流科技高管、顺丰战略总监等职务。 曾担任多家知名企业战略顾问, 拥有丰富的互联网实战经验以及知名企业营销策划、培训、管理经验 ; 粱谱文, 七年电商从业经验, 实战经验丰富。 擅长淘宝SEO、活动推尺直通车、超级推荐、钻石展位等付费推广。 | |
| 330 | @a中公教育全国护士执业资格考试研究中心本书把内容电商的概念、运营方式、具体操作、使用技巧进行了全面的阐述。 本书作者拥有丰富的互联网实战经验以及知名企业营销策划、培训、管理经验, 曾帮助多家中小企业成功转型互联网, 并有多家企业通过其提供的“全网营销模式 ” 与“新零售商业模式 ” 获得快速成长。 本书不仅详细介绍了电商在打造内容时所需的制作方法、选材技巧、内容禁忌 ; 还针对文案写作专门设立章节, 就文案的创作思路、讲述方式、展示形式、情怀、时效性进行了详细地解读。 | |
| 510 | 1 | @aPractical guide for content e-commerce operation@zeng |
| 606 | 0 | @a电子商务@Adian zi shang wu@x运营管理 |
| 690 | @aF713.365.1-62@v5 | |
| 701 | @a燕鹏飞@Ayan peng fei@4著 | |
| 701 | @a梁谱文@Aliang pu wen@4著 | |
| 801 | 0 | @aCN@b百万庄@c20211018 |
| 905 | @b1310456-59@dF713.365.1-62@e1202@f4 | |
| 内容电商运营实战指南=Practical guide for content e-commerce operation/燕鹏飞, 梁谱文著.-北京:中华工商联合出版社有限责任公司,2021.01 |
| 229页;24cm |
| ISBN 978-7-5158-2872-5:CNY52.00 |
| 中公教育全国护士执业资格考试研究中心本书把内容电商的概念、运营方式、具体操作、使用技巧进行了全面的阐述。 本书作者拥有丰富的互联网实战经验以及知名企业营销策划、培训、管理经验, 曾帮助多家中小企业成功转型互联网, 并有多家企业通过其提供的“全网营销模式 ” 与“新零售商业模式 ” 获得快速成长。 本书不仅详细介绍了电商在打造内容时所需的制作方法、选材技巧、内容禁忌 ; 还针对文案写作专门设立章节, 就文案的创作思路、讲述方式、展示形式、情怀、时效性进行了详细地解读。 |
| ● |
| 相关链接 |
|
|
|
|
正题名:内容电商运营实战指南
索取号:F713.365.1-62/1202
 
预约/预借
| 序号 | 登录号 | 条形码 | 馆藏地/架位号 | 状态 | 备注 |
| 1 | 1310456 | 213104567 | 第一样本阅览室/ [索取号:F713.365.1-62/1202] | 在馆 | |
| 2 | 1310457 | 213104576 | 第一借阅区/ [索取号:F713.365.1-62/1202] | 在馆 | |
| 3 | 1310458 | 213104585 | 第一借阅区/ [索取号:F713.365.1-62/1202] | 在馆 | |
| 4 | 1310459 | 213104594 | 第一借阅区/ [索取号:F713.365.1-62/1202] | 在馆 |